Click the correct Flag - Statistics

General Stats
  • This quiz has been taken 59 times
  • The average score is 42 of 45
Answer Stats
Question Tile Select % Correct
Find The Flag Of Philippines No
100%
Find The Flag Of Philippines No
100%
Find The Flag Of Philippines No
100%
Find The Flag Of Philippines No
100%
Find The Flag Of Philippines No
100%
Find The Flag Of Philippines No
98%
Find The Flag Of Philippines No
96%
Find The Flag Of Panama No
96%
Find The Flag Of Panama No
96%
Find The Flag Of Nauru No
96%
Find The Flag Of Nauru No
96%
Find The Flag Of Nauru No
96%
Find The Flag Of Nauru No
96%
Find The Flag Of Nauru No
96%
Find The Flag Of The Usa No
94%
Find The Flag Of The Usa No
94%
Find The Flag Of The Usa No
94%
Find The Flag Of The Usa No
94%
Find The Flag Of The Usa No
94%
Find The Flag Of The Usa No
94%
Find The Flag Of The Usa No
94%
Find The Flag Of The Usa No
94%
Find The Flag Of Panama No
94%
Find The Flag Of Panama No
94%
Find The Flag Of Panama No
94%
Find The Flag Of Nauru No
94%
Find The Flag Of Nauru No
94%
Find The Flag Of Wales No
94%
Find The Flag Of Wales No
94%
Find The Flag Of Wales No
94%
Find The Flag Of Wales No
94%
Find The Flag Of Wales No
94%
Find The Flag Of Wales No
94%
Find The Flag Of The Usa Not Here! Yes
94%
Find The Flag Of Panama No
92%
Find The Flag Of Panama No
92%
Find The Flag Of Philippines Not Here! No
92%
Find The Flag Of Philippines Yes
90%
Find The Flag Of Wales No
90%
Find The Flag Of Panama No
88%
Find The Flag Of Wales Not Here! No
88%
Find The Flag Of Wales Yes
86%
Find The Flag Of Nauru Not Here! No
82%
Find The Flag Of Panama Not Here! Yes
80%
Find The Flag Of Nauru Yes
78%
No matching quizzes found
Score Distribution
Percent of People with Each Score
Percentile by Number Answered
Your Score History
You have not taken this quiz